MiLB Baseball Team Logos (Triple-A) - Statistics

General Stats
  • This quiz has been taken 72 times
  • The average score is 22 of 30
Answer Stats
Picture Hint Answer % Correct
Miami Marlins Jacksonville Jumbo Shrimp
94%
Cincinnati Reds Louisville Bats
94%
Chicago White Sox Charlotte Knights
91%
Tampa Bay Rays Durham Bulls
91%
Chicago Cubs Iowa Cubs
91%
St. Louis Cardinals Memphis Redbirds
89%
Cleveland Guardians Columbus Clippers
87%
Los Angeles Angels Salt Lake Bees
87%
Colorado Rockies Albuquerque Isotopes
83%
Philadelphia Phillies Lehigh Valley IronPigs
83%
San Diego Padres El Paso Chihuahuas
79%
Minnesota Twins St. Paul Saints
79%
Athletics Las Vegas Aviators
77%
Detroit Tigers Toledo Mud Hens
77%
Toronto Blue Jays Buffalo Bisons
74%
Houston Astros Sugar Land Space Cowboys
72%
Boston Red Sox Worcester Red Sox
70%
Pittsburgh Pirates Indianapolis Indians
66%
Arizona Diamondbacks Reno Aces
66%
Atlanta Braves Gwinnett Stripers
64%
Los Angeles Dodgers Oklahoma City Comets
64%
Texas Rangers Round Rock Express
62%
San Francisco Giants Sacramento River Cats
62%
New York Mets Syracuse Mets
62%
Kansas City Royals Omaha Storm Chasers
60%
New York Yankees SWB RailRiders
60%
Milwaukee Brewers Nashville Sounds
55%
Baltimore Orioles Norfolk Tides
55%
Washington Nationals Rochester Red Wings
55%
Seattle Mariners Tacoma Rainiers
49%
No matching quizzes found
Score Distribution
Percent of People with Each Score
Percentile by Number Answered
Your Score History
You have not taken this quiz